Daňová reforma a jej dopad na ekonomiku SR

Nevyhnutnosť zmeny v oblasti daní na Slovensku. Negatívne stránky predchádzajúceho daňového systému. Predmet a cieľ Koncepcie daňovej reformy - jednotná sadzba DPH, rovná daň z príjmov, zvýšenie spotrebných daní, odstránenie výnimiek a rôznych deformácií, zjednodušenie daňovej legislatívy. Zásady, k...

Descrizione completa

Salvato in:
Dettagli Bibliografici
Autore principale: Sekerešová, Gabriela
Natura: Capitolo di libro
Lingua:slovacco
Soggetti:
Tags: Aggiungi Tag
Nessun Tag, puoi essere il primo ad aggiungerne!!

MARC

LEADER 00000naa$a2200000$$$4500
001 0031424
005 20240502071437.3
041 0 |a slo 
044 |a SK 
245 1 0 |a Daňová reforma a jej dopad na ekonomiku SR  |c Gabriela Sekerešová 
520 |a Nevyhnutnosť zmeny v oblasti daní na Slovensku. Negatívne stránky predchádzajúceho daňového systému. Predmet a cieľ Koncepcie daňovej reformy - jednotná sadzba DPH, rovná daň z príjmov, zvýšenie spotrebných daní, odstránenie výnimiek a rôznych deformácií, zjednodušenie daňovej legislatívy. Zásady, ktorými sa riadi daňová reforma - spravodlivosť, proporcionalita, neutrálnosť, vylúčenie duplicity zdanenia, jednoduchosť a účinnosť. Zníženie váhy priamych daní, zvýšenie výnosov z DPH a spotrebných daní. Výhody a riziká daňovej reformy. Sadzby DPH členských štátov EÚ, sadzby dane z príjmov právnických a fyzických osôb vo vybraných krajinách EÚ. 
610 2 0 |a reformy daňové 
610 2 0 |a Slovensko 
610 2 0 |a koncepcie 
610 2 0 |a dane nepriame 
610 2 0 |a dane priame 
610 2 0 |a dane rovné 
610 2 0 |a dane spotrebné 
610 2 0 |a dane z hodnoty pridanej 
610 2 0 |a sadzby daňové 
610 2 0 |a legislatíva 
610 2 0 |a aproximácia práva 
610 2 0 |a Európska únia 
100 1 |a Sekerešová, Gabriela